[Event "Skakligaen 2023-24"]
[Site "Denmark"]
[Date "2024.03.03"]
[Round "7.1"]
[Board "1"]
[White "Bjerre, Jonas Buhl"]
[Black "Ramsdal, Jens Albert"]
[Result "1-0"]
[WhiteElo "2644"]
[BlackElo "2378"]
[PlyCount "135"]
[WhiteTeam "Skanderborg"]
[BlackTeam "SK1968"]
[EventDate "2023.10.28"]
[EventType "team-tourn"]
[EventRounds "9"]
[EventCountry "DEN"]
[SourceTitle "Turneringssystemet"]
[Table "1"]

1. e4 e6 2. d4 d5 3. e5 c5 4. c3 Qb6 5. Nf3 Bd7 
6. Be2 cxd4 7. cxd4 Bb5 8. Nc3 Bxe2 9. Nxe2 Bb4+ 10. Kf1 Nc6 
11. g3 Be7 12. Kg2 Bd8 13. Nf4 g5 14. Ne2 h6 15. g4 Nge7 
16. h4 gxh4 17. Rxh4 Rg8 18. Ng3 Rg6 19. Kh3 Ng8 20. Rh5 Be7 
21. a3 O-O-O 22. b4 Kb8 23. Be3 Rc8 24. Rb1 a6 25. Ne2 Na7 
26. Rc1 a5 27. Rb1 axb4 28. axb4 Nb5 29. Ra1 Rc4 30. Nf4 Rxb4 
31. Qc2 Rg7 32. Nd3 Rc4 33. Qa2 Rc3 34. Qa8+ Kc7 35. Nc5 Bxc5 
36. dxc5 Qc6 37. Nd4 Nxd4 38. Qa5+ Kd7 39. Qxc3 Nb5 40. Qd3 Rg6 
41. Rb1 Nc7 42. Bd4 Ne7 43. f3 Qa6 44. Qb3 Nc6 45. Bf2 Qe2 
46. Rb2 Qf1+ 47. Kg3 Rg5 48. Rb1 Qe2 49. Re1 Qd2 50. Qe3 Qc2 
51. Qf4 Rg7 52. Qxh6 Ne8 53. Qf4 Ne7 54. Qb4 Nc7 55. c6+ Qxc6 
56. Rhh1 Na6 57. Qa3 Qc7 58. Kg2 d4 59. Bxd4 Nd5 60. Qf8 Qc2+ 
61. Bf2 Rh7 62. Kg3 Nc3 63. Rxh7 Qxh7 64. Re3 Nb5 65. Re4 Nac7 
66. Rf4 Kc6 67. Rxf7 Qd3 68. Qc5# 1-0

[Event "Skakligaen 2023-24"]
[Site "Denmark"]
[Date "2024.03.03"]
[Round "7.2"]
[Board "2"]
[White "Lauridsen, Jesper Morch"]
[Black "Andersen, Mads"]
[Result "1/2-1/2"]
[WhiteElo "2290"]
[BlackElo "2599"]
[PlyCount "99"]
[WhiteTeam "SK1968"]
[BlackTeam "Skanderborg"]
[EventDate "2023.10.28"]
[EventType "team-tourn"]
[EventRounds "9"]
[EventCountry "DEN"]
[SourceTitle "Turneringssystemet"]
[Table "2"]

1. e4 c6 2. d4 d5 3. exd5 cxd5 4. Nf3 Nc6 5. c4 Nf6 
6. Nc3 Bg4 7. cxd5 Nxd5 8. Qb3 Bxf3 9. gxf3 e6 10. Qxb7 Nxd4 
11. Bb5+ Nxb5 12. Qc6+ Ke7 13. Qc5+ Nd6 14. Nxd5+ Kd7 15. O-O Qc8 
16. Qxc8+ Rxc8 17. Nc3 e5 18. f4 e4 19. Be3 a6 20. Rad1 Ke6 
21. Rd5 f6 22. Rfd1 Be7 23. Bc5 Rhd8 24. Bxd6 Bxd6 25. Nxe4 Bc7 
26. Nc5+ Kf7 27. Rd7+ Kg6 28. Ne6 Rxd7 29. Rxd7 Bb8 30. Rb7 Kf5 
31. Nxg7+ Kxf4 32. Nh5+ Kg5 33. Ng3 Be5 34. Ne4+ Kf4 35. Nc3 Bxc3 
36. bxc3 Rxc3 37. Rxh7 Ra3 38. Rh4+ Kg5 39. Rc4 Rxa2 40. Kg2 a5 
41. h4+ Kh5 42. Rf4 Ra3 43. Rxf6 Kxh4 44. Kf1 Kg5 45. Rf8 a4 
46. Ke2 Ra1 47. Kd2 Rb1 48. Ra8 Rb2+ 49. Kc3 Rxf2 50. Rxa4 1/2-1/2

[Event "Skakligaen 2023-24"]
[Site "Denmark"]
[Date "2024.03.03"]
[Round "7.3"]
[Board "3"]
[White "Pedersen, Nicolai Vesterbaek"]
[Black "Thogersen, Rasmus"]
[Result "1-0"]
[WhiteElo "2339"]
[BlackElo "2321"]
[PlyCount "57"]
[WhiteTeam "Skanderborg"]
[BlackTeam "SK1968"]
[EventDate "2023.10.28"]
[EventType "team-tourn"]
[EventRounds "9"]
[EventCountry "DEN"]
[SourceTitle "Turneringssystemet"]
[Table "3"]

1. Nf3 Nf6 2. c4 g6 3. Nc3 Bg7 4. e4 e5 5. Nxe5 O-O 
6. d3 Nxe4 7. dxe4 Bxe5 8. Bd3 d6 9. Bh6 Re8 10. Qd2 c6 
11. h4 Nd7 12. O-O-O Qa5 13. h5 Nc5 14. hxg6 fxg6 15. Rhe1 b5 
16. f4 Bh8 17. e5 dxe5 18. cxb5 Be6 19. Bb1 cxb5 20. f5 Rad8 
21. Qg5 Rxd1+ 22. Rxd1 e4 23. fxe6 b4 24. Qd5 Bxc3 25. e7+ Kh8 
26. bxc3 Qa3+ 27. Kd2 Qxc3+ 28. Ke2 Nd3 29. Qf7 1-0

[Event "Skakligaen 2023-24"]
[Site "Denmark"]
[Date "2024.03.03"]
[Round "7.4"]
[Board "4"]
[White "Matthiesen, Martin"]
[Black "Boe, Mads"]
[Result "1/2-1/2"]
[WhiteElo "2299"]
[BlackElo "2288"]
[PlyCount "62"]
[WhiteTeam "SK1968"]
[BlackTeam "Skanderborg"]
[EventDate "2023.10.28"]
[EventType "team-tourn"]
[EventRounds "9"]
[EventCountry "DEN"]
[SourceTitle "Turneringssystemet"]
[Table "4"]

1. d4 f5 2. Nf3 Nf6 3. g3 e6 4. Bg2 d5 5. O-O Bd6 
6. c4 c6 7. b3 Qe7 8. Bb2 O-O 9. Ne5 Bd7 10. Nd2 Be8 
11. Nd3 Nbd7 12. Nf3 Ne4 13. Qc2 Bh5 14. Nfe5 Rfd8 15. Rad1 a5 
16. Nxd7 Qxd7 17. Bc1 Qe7 18. Bf4 Bxf4 19. Nxf4 Bf7 20. cxd5 cxd5 
21. Rc1 Nd6 22. Nd3 Rdc8 23. Qd2 b6 24. Ne5 Be8 25. g4 fxg4 
26. Nxg4 Bg6 27. Ne5 Be8 28. Qe3 Nf5 29. Qd3 Nd6 30. Qe3 Nf5 
31. Qd3 Nd6 1/2-1/2

[Event "Skakligaen 2023-24"]
[Site "Denmark"]
[Date "2024.03.03"]
[Round "7.5"]
[Board "5"]
[White "Brondt, Nicolai Kvist"]
[Black "Hansen, Lars"]
[Result "1-0"]
[WhiteElo "2237"]
[BlackElo "2211"]
[PlyCount "79"]
[WhiteTeam "Skanderborg"]
[BlackTeam "SK1968"]
[EventDate "2023.10.28"]
[EventType "team-tourn"]
[EventRounds "9"]
[EventCountry "DEN"]
[SourceTitle "Turneringssystemet"]
[Table "5"]

1. c4 b6 2. d4 Bb7 3. Nc3 e6 4. a3 Nf6 5. d5 Bd6 
6. Nf3 O-O 7. g3 exd5 8. cxd5 c6 9. Bg2 cxd5 10. O-O Na6 
11. Nb5 Be7 12. b4 Nc7 13. Nxc7 Qxc7 14. Bb2 Rfc8 15. Nd4 Qe5 
16. Nc6 Qe6 17. Nxe7+ Qxe7 18. Bxf6 Qxf6 19. Bxd5 Bxd5 20. Qxd5 Qe6 
21. Qf3 a5 22. b5 d5 23. Rfd1 Rc5 24. a4 Qe5 25. Ra2 g6 
26. Rad2 Re8 27. e3 Qe4 28. Qxe4 dxe4 29. Rd6 Rb8 30. R1d4 Re5 
31. Rc6 Re7 32. Rdd6 Reb7 33. g4 Kf8 34. Kg2 Ke7 35. Kg3 g5 
36. Rd4 Rd8 37. Rxe4+ Kf8 38. Re5 Rd3 39. Rxg5 Ra3 40. Rc4 1-0

[Event "Skakligaen 2023-24"]
[Site "Denmark"]
[Date "2024.03.03"]
[Round "7.6"]
[Board "6"]
[White "Rewitz, Poul"]
[Black "Berg, Klaus"]
[Result "1-0"]
[WhiteElo "2241"]
[BlackElo "2270"]
[PlyCount "89"]
[WhiteTeam "SK1968"]
[BlackTeam "Skanderborg"]
[EventDate "2023.10.28"]
[EventType "team-tourn"]
[EventRounds "9"]
[EventCountry "DEN"]
[SourceTitle "Turneringssystemet"]
[Table "6"]

1. e4 c6 2. Nf3 d5 3. e5 Bg4 4. Be2 e6 5. O-O Nd7 
6. Re1 Ne7 7. d4 c5 8. c4 dxc4 9. Na3 Nc6 10. Nxc4 Be7 
11. dxc5 O-O 12. h3 Bxf3 13. Bxf3 Nxc5 14. Bxc6 bxc6 15. Qg4 Qd3 
16. Bh6 Qg6 17. Be3 Rfd8 18. Qxg6 hxg6 19. Na5 Rac8 20. Bxc5 Bxc5 
21. Nb7 Rd5 22. Nxc5 Rxc5 23. Rac1 Rd5 24. Re2 Kf8 25. Rc4 Ke7 
26. f4 Kd7 27. Rec2 a5 28. h4 c5 29. Ra4 Ra8 30. Kf2 Kc6 
31. b4 Kb5 32. Rxa5+ Rxa5 33. bxa5 Rd4 34. Ke3 Ra4 35. Rb2+ Kc4 
36. Rb7 Ra3+ 37. Ke4 f5+ 38. exf6 gxf6 39. Rb6 f5+ 40. Ke5 Kd3 
41. h5 Rxa5 42. Rd6+ Ke3 43. hxg6 c4+ 44. Kxe6 Kxf4 45. g7 1-0

[Event "Skakligaen 2023-24"]
[Site "Denmark"]
[Date "2024.03.03"]
[Round "7.7"]
[Board "7"]
[White "Kjeldsen, Jens"]
[Black "Pedersen, Gunnar"]
[Result "1-0"]
[WhiteElo "2390"]
[BlackElo "2200"]
[PlyCount "79"]
[WhiteTeam "Skanderborg"]
[BlackTeam "SK1968"]
[EventDate "2023.10.28"]
[EventType "team-tourn"]
[EventRounds "9"]
[EventCountry "DEN"]
[SourceTitle "Turneringssystemet"]
[Table "7"]

1. c4 e6 2. e3 d5 3. Nf3 c5 4. b3 Nc6 5. Bb2 d4 
6. d3 Nf6 7. Be2 e5 8. O-O Bd6 9. Na3 O-O 10. Nc2 Re8 
11. e4 b6 12. a3 a5 13. Bc1 Ra7 14. Rb1 Rf8 15. Bd2 Ne8 
16. b4 g6 17. bxa5 bxa5 18. Kh1 Be7 19. Qc1 f5 20. Bh6 Ng7 
21. Nd2 Bg5 22. Bxg5 Qxg5 23. Rb6 Rc7 24. exf5 gxf5 25. f4 Qd8 
26. Bf3 Ne7 27. fxe5 Ng6 28. Bd5+ Kh8 29. Nf3 f4 30. Qd2 Nf5 
31. Qxa5 Rg7 32. Qxc5 Ne3 33. Nxe3 dxe3 34. Rb2 Bf5 35. Rd1 h6 
36. Qd6 Rd7 37. Qb6 Qe7 38. e6 Rd6 39. Qd4+ Kh7 40. Rb7 1-0

[Event "Skakligaen 2023-24"]
[Site "Denmark"]
[Date "2024.03.03"]
[Round "7.8"]
[Board "8"]
[White "Justesen, Asger"]
[Black "Grove, Peter"]
[Result "0-1"]
[WhiteElo "2028"]
[BlackElo "2212"]
[PlyCount "120"]
[WhiteTeam "SK1968"]
[BlackTeam "Skanderborg"]
[EventDate "2023.10.28"]
[EventType "team-tourn"]
[EventRounds "9"]
[EventCountry "DEN"]
[SourceTitle "Turneringssystemet"]
[Table "8"]

1. d4 d5 2. c4 dxc4 3. e3 b5 4. a4 b4 5. Bxc4 Nf6 
6. Nf3 e6 7. Nbd2 Bb7 8. Nb3 a5 9. O-O Nbd7 10. Re1 Be7 
11. Bd3 O-O 12. Qc2 c5 13. e4 h6 14. dxc5 Rc8 15. Bf4 Nxc5 
16. Nxc5 Bxc5 17. Qe2 Qb6 18. Be3 Bxe3 19. Qxe3 Qxe3 20. Rxe3 Rfd8 
21. h3 Nd7 22. Ne1 Ne5 23. f3 g5 24. Bb5 Ng6 25. Rd3 Kg7 
26. Rad1 Rxd3 27. Nxd3 f5 28. exf5 exf5 29. Rc1 Rxc1+ 30. Nxc1 Bd5 
31. Kf2 Kf6 32. Nd3 f4 33. g3 fxg3+ 34. Kxg3 Ne5 35. f4 Nxd3 
36. Bxd3 Bb3 37. Bb5 Bd1 38. Bd7 Ke7 39. Bb5 Ke6 40. h4 gxh4+ 
41. Kxh4 Kd5 42. Kg3 Kd4 43. Kf2 Ke4 44. Kg3 Bh5 45. Bc4 Be8 
46. Bb3 h5 47. Bc2+ Ke3 48. f5 Bf7 49. Kh4 Kf4 50. Bd3 b3 
51. Bb1 Ke3 52. Kg5 Kd2 53. Kf6 Bc4 54. Ke5 h4 55. Be4 h3 
56. f6 Bf7 57. Kd4 h2 58. Kc5 Kc1 59. Kb5 Kxb2 60. Kxa5 Kc1 
0-1

[Event "Skakligaen 2023-24"]
[Site "Denmark"]
[Date "2024.03.03"]
[Round "7.1"]
[Board "1"]
[White "Fries Nielsen, Jens Ove"]
[Black "Ochsner, Bjorn Moller"]
[Result "1/2-1/2"]
[WhiteElo "2364"]
[BlackElo "2518"]
[PlyCount "34"]
[WhiteTeam "Fredericia"]
[BlackTeam "AarhusSkolerne"]
[EventDate "2023.10.28"]
[EventType "team-tourn"]
[EventRounds "9"]
[EventCountry "DEN"]
[SourceTitle "Erik Sobjerg"]
[Table "1"]

1. Nf3 d5 2. g3 Nf6 3. Bg2 e6 4. O-O Be7 5. d3 c5 
6. Nc3 b6 7. Ne5 Bb7 8. f4 Nbd7 9. e4 d4 10. Nxd7 Qxd7 
11. Nb1 h5 12. h3 Qc7 13. Na3 Nd7 14. Bd2 h4 15. g4 Rc8 
16. g5 a6 17. Qg4 b5 1/2-1/2

[Event "Skakligaen 2023-24"]
[Site "Denmark"]
[Date "2024.03.03"]
[Round "7.2"]
[Board "2"]
[White "Rasmussen, Karsten"]
[Black "Light, Bjarne"]
[Result "1-0"]
[WhiteElo "2388"]
[BlackElo "2230"]
[PlyCount "89"]
[WhiteTeam "AarhusSkolerne"]
[BlackTeam "Fredericia"]
[EventDate "2023.10.28"]
[EventType "team-tourn"]
[EventRounds "9"]
[EventCountry "DEN"]
[SourceTitle "Erik Sobjerg"]
[Table "2"]

1. d4 Nf6 2. c4 e6 3. Nf3 d5 4. Nc3 Bb4 5. Bg5 dxc4 
6. a3 Bxc3+ 7. bxc3 b5 8. Qb1 a6 9. a4 c6 10. e4 h6 
11. Bd2 Nbd7 12. Be2 O-O 13. O-O Qc7 14. e5 Nd5 15. Qe4 Bb7 
16. Qg4 Kh8 17. Qh3 f6 18. Nh4 fxe5 19. Ng6+ Kh7 20. Nxf8+ Rxf8 
21. Bf3 Nf4 22. Bxf4 Rxf4 23. axb5 cxb5 24. Bxb7 Qxb7 25. dxe5 Nc5 
26. Qe3 Nd3 27. f3 Rf5 28. f4 Qf7 29. g3 a5 30. Rxa5 Nxe5 
31. Ra7 Qf8 32. Rfa1 Ng4 33. Qb6 e5 34. Rd7 exf4 35. Raa7 Rg5 
36. Qd4 Nf6 37. Rf7 Qe8 38. Rae7 Qa8 39. Qxf6 Qa1+ 40. Kf2 fxg3+ 
41. hxg3 Qa2+ 42. Kf3 Qa8+ 43. Kf2 Qa2+ 44. Re2 Qb1 45. Qf3 1-0

[Event "Skakligaen 2023-24"]
[Site "Denmark"]
[Date "2024.03.03"]
[Round "7.3"]
[Board "3"]
[White "Schwarz, Frank"]
[Black "Sorensen, Jan"]
[Result "1-0"]
[WhiteElo "2238"]
[BlackElo "2373"]
[PlyCount "83"]
[WhiteTeam "Fredericia"]
[BlackTeam "AarhusSkolerne"]
[EventDate "2023.10.28"]
[EventType "team-tourn"]
[EventRounds "9"]
[EventCountry "DEN"]
[SourceTitle "Erik Sobjerg"]
[Table "3"]

1. e4 e6 2. b3 a5 3. a4 d5 4. Bb2 dxe4 5. Nc3 Nf6 
6. Qe2 Bb4 7. O-O-O Qe7 8. Kb1 Bxc3 9. dxc3 e5 10. Ka2 b6 
11. Qe3 O-O 12. h3 Bb7 13. Bc4 Nbd7 14. Ba3 Nc5 15. Ne2 Rfd8 
16. Ng3 g6 17. h4 Ng4 18. Qe2 h5 19. f3 exf3 20. gxf3 Nf6 
21. Rhg1 Kh7 22. Qe3 Nd5 23. Bxd5 Rxd5 24. Rxd5 Bxd5 25. Bc1 Rh8 
26. Nxh5 Kg8 27. Nf4 Be4 28. fxe4 exf4 29. Qd4 Rxh4 30. c4 Ne6 
31. Qe5 Kf8 32. Ba3 Nc5 33. Qd5 f3 34. Rf1 Qd6 35. Qa8+ Ke7 
36. e5 Qxe5 37. Qxf3 Qe6 38. Qg3 Re4 39. Qxc7+ Kf8 40. Qd8+ Kg7 
41. Bb2+ Re5 42. Rh1 1-0

[Event "Skakligaen 2023-24"]
[Site "Denmark"]
[Date "2024.03.03"]
[Round "7.4"]
[Board "4"]
[White "Skytte, Rasmus"]
[Black "Pedersen, Daniel Vesterbaek"]
[Result "1-0"]
[WhiteElo "2343"]
[BlackElo "2201"]
[PlyCount "79"]
[WhiteTeam "AarhusSkolerne"]
[BlackTeam "Fredericia"]
[EventDate "2023.10.28"]
[EventType "team-tourn"]
[EventRounds "9"]
[EventCountry "DEN"]
[SourceTitle "Erik Sobjerg"]
[Table "4"]

1. d4 Nf6 2. Nf3 e6 3. c4 d5 4. Nc3 c5 5. cxd5 cxd4 
6. Qxd4 exd5 7. Bg5 Be7 8. e3 O-O 9. Be2 Nc6 10. Qd3 Be6 
11. O-O h6 12. Bh4 Qb6 13. Qb5 Qxb5 14. Nxb5 a6 15. Nbd4 Rac8 
16. Rfd1 Rfd8 17. Nxc6 Rxc6 18. Nd4 Rcc8 19. f3 Kf8 20. Rd2 Nd7 
21. Bxe7+ Kxe7 22. Rad1 Ne5 23. b3 Nc6 24. Nxc6+ Rxc6 25. f4 g5 
26. g3 f5 27. h3 Rdc8 28. Kf2 Rc1 29. Rxc1 Rxc1 30. Bf3 Kd6 
31. g4 fxg4 32. hxg4 Kc5 33. f5 Bf7 34. e4 d4 35. e5 Bd5 
36. e6 Bxf3 37. Kxf3 Rf1+ 38. Rf2 Re1 39. f6 Kd6 40. Kg2 1-0

[Event "Skakligaen 2023-24"]
[Site "Denmark"]
[Date "2024.03.03"]
[Round "7.5"]
[Board "5"]
[White "Easwaralingam, Adesh"]
[Black "Vinther Schou, Uffe"]
[Result "0-1"]
[WhiteElo "2345"]
[BlackElo "2163"]
[PlyCount "58"]
[WhiteTeam "Fredericia"]
[BlackTeam "AarhusSkolerne"]
[EventDate "2023.10.28"]
[EventType "team-tourn"]
[EventRounds "9"]
[EventCountry "DEN"]
[SourceTitle "Erik Sobjerg"]
[Table "5"]

1. e4 c5 2. Nf3 e6 3. d4 cxd4 4. Nxd4 a6 5. c4 Nf6 
6. Bd3 Nc6 7. Nxc6 dxc6 8. O-O e5 9. Nc3 Bc5 10. h3 Be6 
11. Qf3 Qe7 12. Rb1 b5 13. Qg3 bxc4 14. Bc2 Bd4 15. Kh1 O-O 
16. f4 Nh5 17. Qf3 Nxf4 18. Bxf4 exf4 19. Ne2 Be5 20. Nxf4 Rfd8 
21. Rf2 Rd7 22. b4 Rad8 23. Ba4 Rd6 24. Rc1 c3 25. a3 Bc4 
26. Ne2 Rd3 27. Qg4 Rd2 28. Qf3 R8d3 29. Qf5 g6 0-1

[Event "Skakligaen 2023-24"]
[Site "Denmark"]
[Date "2024.03.03"]
[Round "7.6"]
[Board "6"]
[White "Sobjerg, Erik"]
[Black "Prien, Thore"]
[Result "1/2-1/2"]
[WhiteElo "2275"]
[BlackElo "2217"]
[PlyCount "112"]
[WhiteTeam "AarhusSkolerne"]
[BlackTeam "Fredericia"]
[EventDate "2023.10.28"]
[EventType "team-tourn"]
[EventRounds "9"]
[EventCountry "DEN"]
[SourceTitle "Erik Sobjerg"]
[Table "6"]

1. e4 e6 2. d4 d5 3. Nc3 Bb4 4. exd5 exd5 5. Bd3 Nf6 
6. Bg5 O-O 7. Nge2 Nbd7 8. O-O c6 9. Ng3 h6 10. Be3 Re8 
11. Nf5 Nf8 12. Ne2 Ne4 13. Nfg3 Qh4 14. Qc1 Ng6 15. f3 Nxg3 
16. hxg3 Qf6 17. g4 Bd6 18. g3 Bd7 19. c3 Re7 20. Nf4 Nxf4 
21. Bxf4 Rae8 22. Bxd6 Qxd6 23. Qf4 Qxf4 24. gxf4 f5 25. g5 Kf7 
26. Kf2 h5 27. Rad1 g6 28. Rd2 b6 29. Re2 Rxe2+ 30. Bxe2 c5 
31. Rd1 c4 32. Rb1 Rc8 33. Rc1 Ke6 34. Bf1 Kd6 35. Ke3 a5 
36. Kd2 b5 37. a3 Rb8 38. Ra1 b4 39. axb4 axb4 40. Kc2 bxc3 
41. bxc3 Re8 42. Kd2 Rb8 43. Kc2 Bc6 44. Bh3 Re8 45. Kd2 Kc7 
46. Bf1 Kb6 47. Bh3 Re7 48. Bf1 Ra7 49. Rxa7 Kxa7 50. Kc2 Kb6 
51. Kb2 h4 52. Bh3 Ka5 53. Bg2 Ba4 54. Ka2 Bd1 55. Kb2 Ka4 
56. Ka2 Be2 1/2-1/2

[Event "Skakligaen 2023-24"]
[Site "Denmark"]
[Date "2024.03.03"]
[Round "7.7"]
[Board "7"]
[White "Friis, Carsten Bank"]
[Black "Baekgaard, Martin"]
[Result "1/2-1/2"]
[WhiteElo "2249"]
[BlackElo "2138"]
[PlyCount "39"]
[WhiteTeam "Fredericia"]
[BlackTeam "AarhusSkolerne"]
[EventDate "2023.10.28"]
[EventType "team-tourn"]
[EventRounds "9"]
[EventCountry "DEN"]
[SourceTitle "Erik Sobjerg"]
[Table "7"]

1. c3 d5 2. d4 Nf6 3. Bf4 c6 4. e3 Bf5 5. Bd3 Bxd3 
6. Qxd3 Qb6 7. b3 Nbd7 8. h3 a5 9. Nd2 a4 10. b4 e6 
11. Ne2 Qb5 12. Nc1 Be7 13. a3 O-O 14. O-O Nb6 15. Qc2 Nc4 
16. Nxc4 Qxc4 17. Nd3 Ne4 18. Rfc1 Bd6 19. Bxd6 Nxd6 20. Ne5 1/2-1/2

[Event "Skakligaen 2023-24"]
[Site "Denmark"]
[Date "2024.03.03"]
[Round "7.8"]
[Board "8"]
[White "Pedersen, Finn"]
[Black "Guindy, Esmat Susanne"]
[Result "1-0"]
[WhiteElo "2278"]
[BlackElo "2038"]
[PlyCount "49"]
[WhiteTeam "AarhusSkolerne"]
[BlackTeam "Fredericia"]
[EventDate "2023.10.28"]
[EventType "team-tourn"]
[EventRounds "9"]
[EventCountry "DEN"]
[SourceTitle "Erik Sobjerg"]
[Table "8"]

1. Nf3 d5 2. d4 e6 3. c4 Nf6 4. Nc3 Be7 5. Bg5 O-O 
6. e3 h6 7. Bh4 Ne4 8. Bxe7 Qxe7 9. Qc2 Nxc3 10. Qxc3 dxc4 
11. Bxc4 c5 12. O-O Nd7 13. Rfd1 b6 14. Bb5 Rd8 15. dxc5 Nxc5 
16. Rxd8+ Qxd8 17. b4 Ba6 18. Bxa6 Nxa6 19. Rc1 Qd6 20. a3 Rd8 
21. h3 Kf8 22. Nd4 Qd7 23. Qd3 Nb8 24. Qh7 f6 25. Rc7 1-0

[Event "Skakligaen 2023-24"]
[Site "Denmark"]
[Date "2024.03.03"]
[Round "7.1"]
[Board "1"]
[White "Smith, Axel"]
[Black "Hillarp Persson, Tiger"]
[Result "1-0"]
[WhiteElo "2497"]
[BlackElo "2412"]
[PlyCount "71"]
[WhiteTeam "Koge"]
[BlackTeam "Bronshoj"]
[EventDate "2023.10.28"]
[EventType "team-tourn"]
[EventRounds "9"]
[EventCountry "DEN"]
[SourceTitle "Carsten Petersen"]
[Table "1"]

1. d4 Nf6 2. c4 g6 3. Nc3 Bg7 4. e4 d6 5. Be2 O-O 
6. Be3 Na6 7. Nf3 e5 8. O-O c6 9. d5 Ng4 10. Bg5 f6 
11. Bh4 c5 12. Ne1 Nh6 13. Nd3 b6 14. Rb1 Qe7 15. f3 Nf7 
16. b4 Bh6 17. Bf2 f5 18. bxc5 Nxc5 19. Nxc5 bxc5 20. Qa4 Bd2 
21. Qc2 Qg5 22. Bd3 a6 23. Rb2 Be3 24. Bxe3 Qxe3+ 25. Kh1 Ng5 
26. Nd1 Qd4 27. Nf2 fxe4 28. fxe4 Ra7 29. Qd2 Kg7 30. h4 Nf7 
31. Nd1 Nh8 32. Rxf8 Kxf8 33. Rb8 Rc7 34. Qa5 Qxd3 35. Qxc7 Qxd1+ 
36. Kh2 1-0

[Event "Skakligaen 2023-24"]
[Site "Denmark"]
[Date "2024.03.03"]
[Round "7.2"]
[Board "2"]
[White "Vasli, Aref"]
[Black "Ahlander, Bjorn"]
[Result "1/2-1/2"]
[WhiteElo "2392"]
[BlackElo "2400"]
[PlyCount "142"]
[WhiteTeam "Bronshoj"]
[BlackTeam "Koge"]
[EventDate "2023.10.28"]
[EventType "team-tourn"]
[EventRounds "9"]
[EventCountry "DEN"]
[SourceTitle "Carsten Petersen"]
[Table "2"]

1. e4 c5 2. Nf3 e6 3. d4 cxd4 4. Nxd4 Nc6 5. Nc3 Qc7 
6. g3 a6 7. Bg2 Nf6 8. O-O Nxd4 9. Qxd4 Bc5 10. Bf4 d6 
11. Qd2 h6 12. Rad1 e5 13. Be3 Bxe3 14. fxe3 Be6 15. Qxd6 Rc8 
16. Rf2 Qxd6 17. Rxd6 Nd7 18. Nd5 a5 19. Nc3 Ke7 20. Rfd2 Rxc3 
21. bxc3 Rc8 22. Bf1 Rxc3 23. R6d3 Rc7 24. Ra3 b6 25. c4 Nc5 
26. Rb2 Rc6 27. Be2 Rd6 28. Kf1 Kd7 29. Ke1 Kc7 30. Rb5 Rc6 
31. Bf1 f6 32. Rb2 Nb7 33. Rab3 Nc5 34. Rb5 Bd7 35. Rd2 Nxe4 
36. Rdb2 Nc5 37. Bg2 Nd3+ 38. Ke2 Rd6 39. Rc2 Bxb5 40. cxb5+ Nc5 
41. Bc6 Kd8 42. h4 f5 43. Rc1 Ke7 44. Rf1 Rf6 45. Rd1 h5 
46. Rd5 Re6 47. Kf3 g6 48. Ke2 e4 49. Kd2 Rd6 50. Rxd6 Kxd6 
51. Be8 Ne6 52. Bxg6 Ng7 53. Kc3 Kc5 54. a4 Kd5 55. Bf7+ Ke5 
56. Kc4 Kf6 57. Kd5 Kxf7 58. Kc6 f4 59. gxf4 Nf5 60. Kxb6 Nxe3 
61. Kc5 Nc2 62. b6 e3 63. b7 Nb4 64. Kb5 e2 65. b8=Q e1=Q 
66. Qc7+ Kg8 67. Qxa5 Qe2+ 68. Kxb4 Qd2+ 69. Kb5 Qd5+ 70. Kb6 Qd8+ 
71. Ka6 Qa8+ 1/2-1/2

[Event "Skakligaen 2023-24"]
[Site "Denmark"]
[Date "2024.03.03"]
[Round "7.3"]
[Board "3"]
[White "Meskenas, Paulius"]
[Black "Aabling Thomsen, Jakob"]
[Result "0-1"]
[WhiteElo "2346"]
[BlackElo "2261"]
[PlyCount "94"]
[WhiteTeam "Koge"]
[BlackTeam "Bronshoj"]
[EventDate "2023.10.28"]
[EventType "team-tourn"]
[EventRounds "9"]
[EventCountry "DEN"]
[SourceTitle "Carsten Petersen"]
[Table "3"]

1. e4 d6 2. d4 Nf6 3. Bd3 e5 4. c3 Nc6 5. Ne2 g6 
6. h3 Bg7 7. f4 O-O 8. Nd2 exd4 9. cxd4 Nb4 10. Bb1 c5 
11. d5 Re8 12. O-O b5 13. a3 Na6 14. a4 bxa4 15. Qxa4 Nb4 
16. Nc3 Ba6 17. Rf3 Nd7 18. Qd1 Qb6 19. Nb3 f5 20. exf5 c4+ 
21. Kh2 cxb3 22. fxg6 Nc2 23. gxh7+ Kh8 24. Bxc2 bxc2 25. Qxc2 Re1 
26. Be3 Rxe3 27. Rxa6 Rxc3 28. Rxc3 Qxa6 29. Rc7 Rd8 30. Qg6 Qe2 
31. Qxd6 Qe8 32. Qa6 Qf8 33. Qa4 Nb6 34. Qe4 Re8 35. Qf3 Nxd5 
36. Rxa7 Nxf4 37. Qg4 Nd5 38. Ra1 Qf2 39. Qd7 Nf6 40. Qa4 Re4 
41. Qa8+ Kxh7 42. Qb7 Kg6 43. Qc6 Bh6 44. Qc3 Re3 45. Qc1 Bf4+ 
46. Kh1 Rxh3+ 47. gxh3 Qh2# 0-1

[Event "Skakligaen 2023-24"]
[Site "Denmark"]
[Date "2024.03.03"]
[Round "7.5"]
[Board "5"]
[White "Nord, Alexander"]
[Black "Palm, Nikolaj"]
[Result "0-1"]
[WhiteElo "2271"]
[BlackElo "2201"]
[PlyCount "116"]
[WhiteTeam "Koge"]
[BlackTeam "Bronshoj"]
[EventDate "2023.10.28"]
[EventType "team-tourn"]
[EventRounds "9"]
[EventCountry "DEN"]
[SourceTitle "Carsten Petersen"]
[Table "5"]

1. d4 d5 2. c4 e6 3. Nf3 c6 4. e3 f5 5. Bd3 Nf6 
6. O-O Bd6 7. b3 O-O 8. Bb2 Nbd7 9. Nbd2 Ne4 10. Ne5 Nxe5 
11. dxe5 Be7 12. Qe2 b6 13. Rfd1 Qe8 14. Nf3 Nc5 15. Ba3 Nxd3 
16. Bxe7 Qxe7 17. Qxd3 Bb7 18. Nd4 Rad8 19. Qe2 a6 20. b4 c5 
21. bxc5 bxc5 22. Nb3 f4 23. exf4 Rxf4 24. Na5 Ba8 25. f3 d4 
26. Nb3 Rdf8 27. Nd2 Qg5 28. Kh1 Qh6 29. Rf1 Rh4 30. h3 Rh5 
31. Rae1 Qf4 32. Rf2 Rff5 33. Rb1 Rxe5 34. Rb8+ Kf7 35. Ne4 Bc6 
36. Rc8 Ba4 37. Qb2 Kg6 38. Qa3 Rxe4 39. Qd3 Rhe5 40. Re2 Qc1+ 
41. Kh2 Qc3 42. Qxc3 dxc3 43. fxe4 c2 44. Re1 Rxe4 45. Rc1 Rxc4 
46. Rf8 Rd4 47. Kg3 Rd1 48. Rf1 e5 49. Ra1 Rd3+ 50. Kh2 h5 
51. Rac1 h4 52. Kg1 Rd2 53. Rf2 Rd1+ 54. Rf1 e4 55. Kf2 Kf5 
56. Ke3+ Ke5 57. Ra1 Rd3+ 58. Ke2 Kd4 0-1

[Event "Skakligaen 2023-24"]
[Site "Denmark"]
[Date "2024.03.03"]
[Round "7.6"]
[Board "6"]
[White "Falkesgaard, Jeppe Hald"]
[Black "Pedersen, Henrik Dahl"]
[Result "1/2-1/2"]
[WhiteElo "2162"]
[BlackElo "2217"]
[PlyCount "52"]
[WhiteTeam "Bronshoj"]
[BlackTeam "Koge"]
[EventDate "2023.10.28"]
[EventType "team-tourn"]
[EventRounds "9"]
[EventCountry "DEN"]
[SourceTitle "Carsten Petersen"]
[Table "6"]

1. c4 e6 2. g3 d5 3. Bg2 Nf6 4. Nf3 Be7 5. O-O O-O 
6. b3 b6 7. Nc3 Bb7 8. Bb2 d4 9. Na4 c5 10. e3 dxe3 
11. fxe3 Nbd7 12. Qe2 Qc7 13. Rad1 Rad8 14. Nc3 Ne5 15. d4 Nxf3+ 
16. Bxf3 a6 17. d5 exd5 18. Nxd5 Nxd5 19. cxd5 Bd6 20. Be4 Qe7 
21. Qg4 f6 22. Qh4 g5 23. Qg4 Bc8 24. Qf3 Rde8 25. Bd3 Qxe3+ 
26. Qxe3 Rxe3 1/2-1/2

[Event "Skakligaen 2023-24"]
[Site "Denmark"]
[Date "2024.03.03"]
[Round "7.7"]
[Board "7"]
[White "Henriksen, Kasper"]
[Black "Holmsgaard, Henrik"]
[Result "0-1"]
[WhiteElo "2147"]
[BlackElo "2130"]
[PlyCount "34"]
[WhiteTeam "Koge"]
[BlackTeam "Bronshoj"]
[EventDate "2023.10.28"]
[EventType "team-tourn"]
[EventRounds "9"]
[EventCountry "DEN"]
[SourceTitle "Carsten Petersen"]
[Table "7"]

1. d4 d5 2. c4 e6 3. Nc3 c5 4. cxd5 exd5 5. Nf3 Nc6 
6. g3 Nf6 7. Bg2 Be7 8. O-O O-O 9. Bg5 c4 10. b3 cxb3 
11. Qxb3 Na5 12. Qc2 Be6 13. e4 Rc8 14. Bxf6 Bxf6 15. exd5 Bxd5 
16. Qd2 Bxf3 17. Bxf3 Bxd4 0-1